|
|
|
|
| LEADER |
01066nam a2200277 a 4500 |
| 001 |
014870319 |
| 008 |
101219s2008 it a b 000 0 eng d |
| 999 |
|
|
|c 10282
|d 10282
|
| 020 |
|
|
|a 9788861307384 (pbk.)
|
| 020 |
|
|
|a 8861307388 (pbk.)
|
| 040 |
|
|
|a StDuBDS
|b eng
|c StDuBDS
|d Uk
|d BD-DhAAL
|
| 042 |
|
|
|a ukblcatcopy
|
| 082 |
0 |
4 |
|a 759.409034
|2 22
|
| 100 |
1 |
|
|a Gualdoni, Flaminio.
|9 32149
|
| 245 |
0 |
0 |
|a Impressionism /
|c Flaminio Gualdoni.
|
| 260 |
|
|
|a Milan :
|b Skira ;
|a London :
|b Thames & Hudson [distributor]
|c 2008.
|
| 300 |
|
|
|a 95 p. :
|b col. ill. ;
|c 17 cm.
|
| 490 |
0 |
|
|a Skira mini ARTbook series
|
| 500 |
|
|
|a Formerly CIP.
|5 Uk
|
| 504 |
|
|
|a Includes bibliographical references.
|
| 526 |
|
|
|a ARC
|
| 541 |
1 |
|
|e 00021662
|
| 650 |
|
0 |
|a Impressionism (Art)
|z France.
|9 32150
|
| 852 |
1 |
|
|a Ayesha Abed library
|c General Shelf.
|
| 942 |
|
|
|2 ddc
|c BK
|
| 952 |
|
|
|0 0
|1 4
|2 ddc
|4 0
|6 759_409034000000000_GUA
|7 0
|9 13734
|a BRACUL
|b BRACUL
|c GEN
|d 2011-01-02
|e Zeenat Book Supply Ltd.
|g 648.00
|l 3
|m 17
|o 759.409034 GUA
|p 3010021662
|r 2014-12-20
|s 2014-10-29
|t 1
|w 2011-01-02
|y BK
|x Koha Inventory 2020
|